| 000 | 00765cam a22002653a 4500 | ||
|---|---|---|---|
| 001 | 27814 | ||
| 003 | PGUSA | ||
| 005 | 20140828083612.0 | ||
| 008 | 090115s2009||||xxu|||||s|||||000 | eng d | ||
| 040 |
_aPGUSA _beng |
||
| 042 | _adc | ||
| 050 | 4 | _aB | |
| 100 | 1 |
_aEngels, Friedrich, _d1820-1895 |
|
| 245 | 1 | 0 |
_aFeuerbach : _bThe roots of the socialist philosophy _h[electronic resource] / _cFriedrich Engels |
| 260 |
_bProject Gutenberg, _c2009 |
||
| 506 | _aPublic domain in the USA. | ||
| 516 | _aElectronic text | ||
| 653 | _aSocialism | ||
| 653 | _aFeuerbach, Ludwig, 1804-1872 | ||
| 653 | _aDialectical materialism | ||
| 700 | 1 | _aLewis, Austin | |
| 830 | 0 |
_aProject Gutenberg _v27814 |
|
| 856 | 4 | 0 | _uhttp://www.gutenberg.org/ebooks/27814 |
| 942 | _cEB | ||
| 999 |
_c257069 _d257069 |
||